Quizzes
Events
Quiz Creation
Community
Videos
Private Events
Remove Ads
Sign In
Join for FREE
Feedback
Dark Mode
Quiz Categories
Sports
Geography
Music
Movies
Television
Just For Fun
Miscellaneous
History
Literature
Language
Science
Gaming
Entertainment
Religion
Holiday
For Kids
Quiz Lab
Recent
Popular Today
Quiz Kudos Today
Editor Picks
Curator Picks
Quizzes by...
Day
Popularity
Type
Ratings
Length
Year
Community
Subscriptions
Recent Discussions
Orange Saloon
Badges
Playlists
Quests
Create
Leaderboards
Showdown
Live 5
Trivia Bingo
Activity
Puzzle Library
Sporcle Events
Private Events
Virtual Trivia
Globe League
Become a Host
Pub Owners
SporcleCon
Opinionation
Our Games
Videos
Blog
Mobile Apps
Partnerships
Remove Ads and Go Orange
Feedback
Sports
Athletes
MLB
NBA
NHL
NFL
Soccer
Sports Teams
WWE
NCAA
Football
Premier League
Basketball
Baseball
Hockey
Golf
Tennis
Cricket
Rugby
Auto Racing
Olympics
World Cup
Sports
Athletes
MLB
NBA
NHL
NFL
Soccer
Sports Teams
WWE
NCAA
Football
Premier League
Basketball
Baseball
Hockey
Golf
Tennis
Cricket
Rugby
Auto Racing
Olympics
World Cup
Random Quiz
Search Sporcle
×
Quiz Lab
Quiz Lab
Sports
Letter A
Type in answers that appear in a list
Type in answers that appear in a list
Classic
Best Score? Go Orange.
Every Red Sox Player With 'A' Last Name Stats
Can you name the players with last names eggining with 'A' to play for the Red Sox?
By
CoreyParadis
15m
55 Questions
45 Plays
45 Plays
45 Plays
Comments
Comments
Give Quiz Kudos
Give Quiz Kudos
-
- Ratings
hide this ad
Replay
Link that replays current quiz
Next Quiz
Link to next quiz in quiz playlist
You Got
0%
They Got
Avg Score
37%
Avg Friend Score
Upgrade to see
Score Distribution
Jump to the score distribution portion of the page
Score
0/55
Timer
15:00
0
Plays Today
Position
Name
% Correct
P
Larry Anderson
88.9%
RF
Brady Anderson
88.9%
RF
Brian Anderson
88.9%
P
Fred Anderson
88.9%
P
Jimmy Anderson
88.9%
LF
Lars Anderson
88.9%
2B
Kim Andrew
75.6%
P
Ivy Andrews
73.3%
2B
Mike Andrews
73.3%
3B
Shane Andrews
73.3%
OF
Tony Armas
73.3%
C
Gary Allenson
64.4%
P
David Aardsma
62.2%
P
Bob Adams
60%
P
Terry Adams
60%
P
Don Aase
55.6%
SS
Luis Aparicio
51.1%
P
Bronson Arroyo
51.1%
P
Alfredo Aceves
48.9%
1B
Dale Alexander
40%
3B
Manny Alexander
40%
P
Abe Alvarez
35.6%
P
Rolando Arrojo
35.6%
SS
Mike Aviles
35.6%
2B
Ramon Aviles
35.6%
P
Rick Aguilera
28.9%
2B
Luis Alicea
28.9%
1B
Andy Abad
26.7%
Position
Name
% Correct
2B
Ken Aspromonte
26.7%
2B
Bobby Avila
24.4%
C
Joe Azcue
24.4%
P
Matt Albers
22.2%
1B
Izzy Alcantara
22.2%
P
Luis Aponte
22.2%
P
Scott Atchison
22.2%
P
James Atkins
22.2%
P
Steve Avery
22.2%
SS
Jerry Adair
20%
DH
Billy Ashley
20%
1B
Harry Agganis
17.8%
P
Pedro Astacio
15.6%
P
Doc Adkins
11.1%
LF
Benny Agbayani
11.1%
SS
Luis Alvarado
11.1%
C
Sam Agnew
8.9%
OF
Mel Almada
8.9%
3B
Ernie Andres
8.9%
P
Pete Appleton
8.9%
P
Elden Auker
8.9%
P
Hector Almonte
6.7%
P
Nick Altrock
4.4%
C
Charlie Armbruster
4.4%
P
Frank Arellanes
2.2%
C
Casper Asbjornsen
0%
C
Leslie Aulds
0%
Quiz Playlist
Details
Report
Send in Message
Add To Playlist
Classic:
Type in answers that appear in a list
Last Updated: Feb 16, 2017
Quiz Scoreboard
CHALLENGE
Sign Up to Join the Scoreboard
Show All
Scores
Hide
Comments
May contain spoilers
Recently Published
An Introduction to Baseball
by treessimontrees
Sports
5m
Movies - When Are They Set?
by FPL_Elf
Movies
5m
Popular People in 1961
by mucciniale
History
6m
More to Explore
Quiz From the Vault
Featured Blog Post
Where Did the Easter Bunny Come From?
hide this ad
You Might Also Like...
Tags
Boston
Letter A
name
Player
Today's Top Quizzes in Sports
Browse Sports
hide this ad
Today's Top Quizzes in Letter A
Browse Letter A
Top Contributed Quizzes in Sports
1
Les meilleurs buteurs des matchs entre le PSG et l’OM
2
2022 World Cup Stars
3
FIFA Club World Cup Champions
4
Les entraîneurs de l'OM et du PSG au 21e siècle
5
Name the Premier League winners with different clubs
6
La finale Lions - Afrique du Sud 2021
7
Les joueurs passés par le LOSC et le RC Lens
8
Criteria MLB: Left Handed Sluggers
9
Players with Multiple 50 Home Run Seasons
10
5-to-1: UK Sports Teams
Explore More
Trending Topics
NBA
Crossword
Anime
Marvel
Disney
Harry Potter
Kpop
Puzzle
WWE
The Office
Pokémon
Country
Song
Soccer
NFL
hide this ad
More By:
CoreyParadis
Quiz
Plays
Rating
Category
Featured
Created
Every Red Sox Player With 'A' Last Name
45
Sports
Feb 11, 2013
Towns In Upper St. John Valley
25
Geography
Feb 10, 2013
Go to Creator's Profile
Score Distribution
Quiz Creator Spotlight
CoreyParadis
Follow
Send a Message
Quizzes Created
-
Created Quiz Play Count
-
More By This Creator
Popular Quizzes Today
1
Find the Countries of Europe - No Outlines Minefield
2
Find the US States - No Outlines Minefield
3
The Countries of the World
4
Popular People in 1961
5
Find the US States
6
US States
7
1-10 Letter E Words III
8
Risky Map Clicking: Biggest States A-Z
More Sports Quizzes
World's Richest Football Clubs
Published
Trending Quizzes
Risky Map Clicking: Least Populous States A-Z
1-10 Letter F Words
1-10 Letter G Words
Not Quite an Element Typing Challenge
One Thing in Common: United Kingdom
Recently Updated
Leaping Animals
pecheneg
Reality TV Shows (A-Z)
bhenderson79
Rickey Henderson's Hall of Fame Teammates
pecheneg
Champions League XIs: Arsenal
pecheneg
Quick Pick: Celebrities in WWE's Hall of Fame
aduchscher
A-Z Keypad Blitz II
pecheneg
Multiple Oscar Actors
pecheneg
Mystery Phrase Blitz: Oscar 'Best Actors'
pecheneg
F. Scott Fitzgerald Novels
LTH
Pick 3 Villains
ddd62291
Trending Topics
Anime
Harry Potter
Marvel
Kpop
Disney
NBA
Crossword
WWE
Country
Pokémon
NFL
Soccer
The Office
Puzzle
Song
Your Account Isn't Verified!
In order to create a playlist on Sporcle, you need to verify the email address you used during registration. Go to your
Sporcle Settings
to finish the process.
Report this User
Report this user for behavior that violates our
Community Guidelines
.
Details:
Send Report
Go to the Sporcle.com Mobile Site →
Comments